000 00652 a2200169 4500
999 _c115
_d115
020 _a068814862X (alk. paper)
050 _aBF109 FAU 1997
100 _aFouts, Roger /
_eAuthor
245 _aNext of kin:
_bwhat chimpanzees have taught me about who we are/
_cRoger Fouts with Stephen Tukel Mills ; introduction by Jane
264 _aNew York
_bWilliam Morrow
_c1997
300 _axi, 420 pages, 16 unnumbered pages of plates
500 _a"A living planet book."
650 _aExperimental psychologists -- United States -- Biography
650 _aHuman-animal communication.
700 _aMills, Stephen Tukel.
_eAuthor
942 _2lcc
_cBK
_h109
_iFOU
_kBF